| 000 | 00829nam a22001937a 4500 | ||
|---|---|---|---|
| 999 |
_c59020 _d59020 |
||
| 003 | Ge_BSU | ||
| 005 | 20221031164232.0 | ||
| 008 | 221031s1996 ge ||||| |||| 00| 0 geo d | ||
| 020 | _a5511006718 | ||
| 041 | _ageo | ||
| 080 | _a657.01(075.8) ხ-25 | ||
| 100 |
_aხარაბაძე, ე. _915680 |
||
| 245 |
_aბუღალტრული აღრიცხვის თეორია / _cე. ხარაბაძე; რედ. ნ. ცაგარეიშვილი. |
||
| 264 |
_aთბილისი : _bთბილ. უნ-ტის გამ-ბა, _c1996. |
||
| 300 |
_a160 გვ. ; _b20 სმ. |
||
| 653 | _aსაბუღალტრო აღრიცხვის თეორია | ||
| 700 |
_aცაგარეიშვილი, ნ. _eრედაქტორი _99793 |
||
| 942 |
_2udc _cBK |
||